000 00366nam a2200145Ia 4500
008 230711s9999||||xx |||||||||||||| ||und||
041 _aENG
082 _a530
_bCO-C
100 _aCohen,Bernard Leonard
245 0 _aCocepts of nuclear Physics
250 _a1st Ed.
260 _c1971
_aNew Delhi
_bTata McGraw Hill Education Limited
650 _aPhysics
942 _cBK
999 _c530
_d530